| 000 | 00767nam a22002057a 4500 | ||
|---|---|---|---|
| 999 |
_c8990 _d8990 |
||
| 003 | AR-CdUCM | ||
| 008 | 190327b ||||| |||| 00| 0 spa d | ||
| 040 |
_aMUNICIPALIDAD PROVINCIAL DEL CUSCO _cBIBLIOTECA MUNICIPAL DEL CUSCO |
||
| 082 |
_a869.565 / _bR86 |
||
| 100 |
_aRouillon Arróspide, José Luis _9784 |
||
| 245 | _aLas formas fugaces de José María Eguren / | ||
| 260 |
_aLima : _b Imágenes y letras, _c1974. |
||
| 300 |
_a109 paginas ; _c16 cm. |
||
| 505 | _aContenido : Situación de Eguren -- Rasgos del simbolismo -- La poesía de Eguren -- La superación de la anécdota -- El ocaso de las princesas... | ||
| 650 |
_aPoesía peruana _9806 |
||
| 650 |
_aLiteratura Latina _9327 |
||
| 650 |
_aBiografías _9148 |
||
| 942 |
_2ddc _cLIBROS |
||
| 945 | _awnts | ||